[Event "GER-chT WK U18 4th"]
[Site "Kiel"]
[Date "2008.05.31"]
[Round "1.4"]
[White "Raddant, Hannes"]
[Black "Aghamoradi, Shervin"]
[Result "1-0"]
[WhiteElo "1199"]
[BlackElo "800"]
[PlyCount "37"]
[EventDate "2008.05.31"]
[EventType "team-swiss"]
[EventRounds "7"]
[EventCountry "GER"]
[SourceTitle "EXT 2010"]
[Source "ChessBase"]
[SourceDate "2010.11.25"]
[SourceVersion "1"]
[SourceVersionDate "2010.11.25"]
[SourceQuality "1"]

1. e4 e5 2. Nf3 Bc5 3. Bc4 d6 4. h3 Nf6 5. Nc3 Nc6 6. d3 0-0 7. Bg5 h6 8. Bh4 g5 9. Bg3 Be6 10. Bxe6 fxe6 11. 0-0 d5 12. exd5 exd5 13. Nxe5 Nxe5 14. Bxe5 Bb4 15. a3 Bxc3 16. Bxc3 Nh5 17. Qxh5 Qd6 18. Rfe1 Qc5 19. Qg6# 1-0

[Event "Berlin op 08"]
[Site "Berlin"]
[Date "2005.08.28"]
[Round "3"]
[White "Moritz, Aron"]
[Black "Raddant, Hannes"]
[Result "1-0"]
[WhiteElo "789"]
[BlackElo "734"]
[PlyCount "55"]
[EventDate "2005.08.27"]
[EventType "swiss"]
[EventRounds "7"]
[EventCountry "GER"]
[SourceTitle "EXT 2007"]
[Source "ChessBase"]
[SourceDate "2006.11.23"]
[SourceVersion "1"]
[SourceVersionDate "2006.11.23"]
[SourceQuality "1"]

1. e4 e5 2. Nf3 Nc6 3. Bb5 Bc5 4. 0-0 Nf6 5. d3 d6 6. Bxc6+ bxc6 7. b3 Bg4 8. Bb2 Qe7 9. h3 Bxf3 10. Qxf3 d5 11. exd5 cxd5 12. Re1 Bd6 13. Nc3 Qe6 14. Nb5 0-0 15. Nxd6 cxd6 16. c4 e4 17. dxe4 dxe4 18. Qe3 Rae8 19. Bxf6 Qxf6 20. Qxa7 Re7 21. Qb6 Re6 22. Qe3 h6 23. a4 Qg5 24. Qxg5 hxg5 25. a5 Ra8 26. b4 Ra6 27. b5 Ra7 28. a6 1-0